| 000 | 00731nam a2200217 i 4500 | ||
|---|---|---|---|
| 001 | 94988 | ||
| 003 | ES-MaACL | ||
| 005 | 20250809063512.0 | ||
| 007 | t| | ||
| 008 | 170921s1965 sp ||||1| spa d | ||
| 100 | 1 |
_aLaurentin, René, _d1917-2017 _970642 |
|
| 245 | 1 | 0 |
_aBalance de la tercera sesión del Concilio / _cRené Laurentin ; traducción de César Alonso de los Rios. |
| 260 |
_a[Madrid] : _bTaurus, _c[1965] |
||
| 300 |
_a526 p. ; _c19 cm. |
||
| 490 | 1 |
_aEl Futuro de la Verdad ; _v19 |
|
| 611 | 0 | 4 |
_aConcilio Vaticano ( _n2º. _d1962-1965) _9122 |
| 700 | 0 |
_aAlonso de los Ríos, César. _920289 |
|
| 830 | 0 |
_aEl Futuro de la Verdad ; _v19 _9180936 |
|
| 852 |
_aES-MaACL _jD-2317 |
||
| 999 |
_c94988 _d94988 |
||